Co-operative movement: a people based development approach, its role in the economy of Nepal (Record no. 12107)
[ view plain ]
| 000 -LEADER | |
|---|---|
| fixed length control field | 00613nam a2200193Ia 4500 |
| 082 ## - DEWEY DECIMAL CLASSIFICATION NUMBER | |
| Classification number | TN.0174 |
| 100 ## - MAIN ENTRY--AUTHOR NAME | |
| Personal name | Neupane, Shanta Raj Sharma |
| 245 #0 - TITLE STATEMENT | |
| Title | Co-operative movement: a people based development approach, its role in the economy of Nepal |
| 260 ## - PUBLICATION, DISTRIBUTION, ETC. (IMPRINT) | |
| Year of publication | 2006 |
| Name of publisher | Jamia Millia Islamia, New Delhi |
| 300 ## - PHYSICAL DESCRIPTION | |
| Number of Pages | 254 |
| 504 ## - BIBLIOGRAPHY, ETC. NOTE | |
| Bibliography, etc | includes bibliography |
| 650 ## - SUBJECT ADDED ENTRY--TOPICAL TERM | |
| Topical Term | Cooperation |
| Form subdivision | Nepal |
| 650 ## - SUBJECT ADDED ENTRY--TOPICAL TERM | |
| Topical Term | Economics |
| Form subdivision | Nepal |
| -- | Methodology |
| 650 ## - SUBJECT ADDED ENTRY--TOPICAL TERM | |
| Topical Term | Nepal |
| Form subdivision | Econoomic development |
| 650 ## - SUBJECT ADDED ENTRY--TOPICAL TERM | |
| Topical Term | Agriculture, Cooperative |
| Form subdivision | Nepal |
| 650 ## - SUBJECT ADDED ENTRY--TOPICAL TERM | |
| Topical Term | Cooperative movement |
| 710 ## - ADDED ENTRY--CORPORATE NAME | |
| Corporate name or jurisdiction name as entry element | Ahmad, Khan Masood |
| 942 ## - ADDED ENTRY ELEMENTS (KOHA) | |
| Koha item type | Thesis |
| Source of classification or shelving scheme | Dewey Decimal Classification |
| Withdrawn status | Lost status | Damaged status | Not for loan | Home library | Current library | Date acquired | Source of acquisition | Bill Date | Full call number | Accession Number | Price effective from | Koha item type |
|---|---|---|---|---|---|---|---|---|---|---|---|---|
| NASSDOC Library | NASSDOC Library | 06/02/2007 | Gifted by : Fellowship Division, ICSSR | 2006-12-18 | TN.0174 | 43203 | 18/04/2019 | Thesis |
